The wisdom of finance: (Record no. 163310)
[ view plain ]
| 000 -LEADER | |
|---|---|
| fixed length control field | 00795nam a22002057a 4500 |
| 005 - DATE AND TIME OF LATEST TRANSACTION | |
| control field | 20190409120229.0 |
| 010 ## - LCCN (DPL NO) | |
| LC control number | B-721069 |
| 020 ## - INTERNATIONAL STANDARD BOOK NUMBER | |
| International Standard Book Number | 9781788160049 |
| Terms of availability | 599.00 |
| 035 ## - SYSTEM CONTROL NUMBER | |
| System control number | B-721069 |
| 037 ## - SOURCE OF ACQUISITION | |
| Source of stock number/acquisition | Aksharesh Enterprises |
| 082 ## - DEWEY DECIMAL CLASSIFICATION NUMBER | |
| Classification number | 332 |
| 100 ## - MAIN ENTRY--PERSONAL NAME | |
| Personal name | Desai, Mihir A. |
| 245 ## - TITLE STATEMENT | |
| Title | The wisdom of finance: |
| Remainder of title | discovering humanity in the world of the risk and return / |
| Statement of responsibility, etc | by Mihir A. Desai |
| 260 ## - PUBLICATION, DISTRIBUTION, ETC. (IMPRINT) | |
| Place of publication, distribution, etc | London |
| Name of publisher, distributor, etc | Profile Books |
| Date of publication, distribution, etc | 2017 |
| 270 ## - ADDRESS | |
| Address | 3 Holford Yard, Bevin Way |
| City | London |
| 300 ## - PHYSICAL DESCRIPTION | |
| Extent | xiii, 223p.: |
| Other physical details | ill. |
| Dimensions | 21cm(pbk) |
| 500 ## - GENERAL NOTE | |
| General note | includes index |
| 942 ## - ADDED ENTRY ELEMENTS (KOHA) | |
| Source of classification or shelving scheme | Dewey Decimal Classification |
| Item type | English Books |
| Classification part | 332 |
| Call number suffix | DES |
| Withdrawn status | Lost status | Not for loan | Collection code | Home library | Current library | Date acquired | Source of acquisition | Cost, normal purchase price | Full call number | Barcode | Copy number | Cost, replacement price | Koha item type |
|---|---|---|---|---|---|---|---|---|---|---|---|---|---|
| Non-fiction | Sarojini Nagar | Sarojini Nagar | 09/04/2019 | Aksharesh Enterprises/0013/02-04-19/795/26-03-19/04-04-19 | 599.00 | 332 DES | B-721069 | 1 | 599.00 | English Books |
